Krótkie imiona żeńskie na 4 litery - Statystyki

Ogólne statystyki
  • Ten quiz został rozwiązany 216 razy
  • Średni wynik to 5 z 12
Statystyki odpowiedzi
Odpowiedź % Poprawnych
Anna
86%
Lena
66%
Maja
65%
Olga
55%
Nina
48%
Sara
47%
Sara
47%
Gaja
29%
Róża
28%
Zoja
17%
Emma
13%
Inez
10%
Nie znaleziono quizów pasujących do podanych kryteriów
Rozkład punktacji
Procent ludzi z każdym wynikiem
Percentyl według liczby udzielonych odpowiedzi
Twoja historia wyników
Nie rozwiązałeś tego quizu